000
00338nam a2200157Ia 4500
100
_a
Kuo/James B
650
_a
CMOS
942
_c
RB
366
_f
20
654
_a
cmos
245
_a
Low Voltage CMOS VLSI circuits
260
_b
John wiley and sons
_a
Mumbai
_c
1999
082
_a
621.395/KUO
_b
KUO
300
_a
439
546
_a
ENGLISH
999
_c
34069
_d
34069